000 00289nam a22001217a 4500
008 180521b xxu||||| |||| 00| 0 eng d
041 _aeng
080 _a043.3
100 _a0
101 _aSHKI-MTH
245 _aKrahasimi i protokoleve ne Wide Area Network
_cXhekaj,Sh
942 _2udc
_cBK
999 _c46094
_d46094